| 000 | 00443cam a2200169ua 4500 | ||
|---|---|---|---|
| 020 | _c1.75 | ||
| 041 |
_amal _h |
||
| 082 |
_a894.812809 _bKUT/HA |
||
| 100 | _aKuttikrishna Marar, . | ||
| 245 |
_aHasyasahityam / _cKuttikrishna Marar. _hTextual Documents |
||
| 260 |
_aKottayam : _bSahitya Parishad Co Operative Society Limited , _c1963. |
||
| 300 | _a127 ; . | ||
| 365 | _a1.75 | ||
| 504 | _a | ||
| 942 | _cBK | ||
| 999 |
_c4851 _d4851 |
||